[Event "Olomoucke sachove leto Open Olomouc"]
[Site "Olomouc"]
[Date "2015.08.21"]
[Round "8.3"]
[White "Chkhaidze, Nikoloz"]
[Black "Straka, Vojtech"]
[Result "1-0"]
[WhiteElo "2225"]
[BlackElo "2322"]
[PlyCount "37"]
[EventDate "2015.08.15"]

1. e4 c6 2. d4 d5 3. Nc3 dxe4 4. Nxe4 Bf5 5. Ng3 Bg6 6. Nh3 e6 7. Bc4 Nf6 8.
O-O Bd6 9. f4 Qc7 10. Kh1 Ne4 11. Nxe4 Bxe4 12. Qe2 Bd5 13. Bd3 b5 14. b3 b4
15. a3 c5 16. dxc5 Bxc5 17. axb4 Bd4 18. Ra5 Kd8 19. Be4 1-0

[Event "Olomoucke sachove leto Open Olomouc"]
[Site "Olomouc"]
[Date "2015.08.21"]
[Round "8.4"]
[White "Kratochvil, Vit"]
[Black "Zhou, Guijue"]
[Result "1/2-1/2"]
[WhiteElo "2217"]
[BlackElo "2207"]
[PlyCount "136"]
[EventDate "2015.08.15"]

1. e4 d6 2. d4 g6 3. Nc3 Bg7 4. Be3 a6 5. a4 b6 6. f4 Bb7 7. Nf3 Nd7 8. h3 c5
9. d5 Bxc3+ 10. bxc3 Ndf6 11. Nd2 e6 12. c4 Qe7 13. Qf3 Kf8 14. Bd3 Re8 15. Kf2
b5 16. axb5 axb5 17. Rhe1 exd5 18. exd5 Qc7 19. Rab1 bxc4 20. Bxc4 h6 21. Bb3
Ne7 22. c4 Nf5 23. Ba4 Ra8 24. Bc2 Bc8 25. g4 Nxe3 26. Qxe3 Kg7 27. Qc3 Qa5 28.
Qd3 Qd8 29. Qc3 Kh7 30. Nf3 h5 31. g5 Ne8 32. Nh4 Ng7 33. Re2 Re8 34. Rxe8 Qxe8
35. Re1 Qd8 36. Re2 Ra7 37. Qf3 Re7 38. Be4 Qe8 39. Qd3 Kg8 40. Kg3 Nf5+ 41.
Nxf5 Bxf5 42. Kf3 Bxh3 43. Kf2 Bf5 44. Bxf5 gxf5 45. Rxe7 Qxe7 46. Qxf5 Kg7 47.
Kf3 Qe1 48. Qf6+ Kg8 49. Qd8+ Kh7 50. Qxd6 Qh1+ 51. Ke3 Qe1+ 52. Kf3 Qc3+ 53.
Ke4 Qxc4+ 54. Kf5 Qd3+ 55. Ke5 Qd4+ 56. Kf5 c4 57. g6+ Kg7 58. gxf7 Qd3+ 59.
Kg5 Qg3+ 60. Kxh5 Qh3+ 61. Kg5 Qg3+ 62. Kf5 Qh3+ 63. Ke4 Qd3+ 64. Ke5 Qe3+ 65.
Kf5 Qh3+ 66. Ke5 Qe3+ 67. Kf5 Qh3+ 68. Ke5 Qe3+ 1/2-1/2

[Event "Olomoucke sachove leto Open Olomouc"]
[Site "Olomouc"]
[Date "2015.08.21"]
[Round "8.5"]
[White "Gantsooj, Ganzorig"]
[Black "Balokas, Dimitrios"]
[Result "1-0"]
[WhiteElo "1800"]
[BlackElo "2122"]
[PlyCount "117"]
[EventDate "2015.08.15"]

1. e4 c5 2. Nf3 g6 3. d4 cxd4 4. Nxd4 Nc6 5. c4 Bg7 6. Be3 Nf6 7. Nc3 O-O 8.
Be2 d6 9. O-O Bd7 10. Rc1 Nxd4 11. Bxd4 Bc6 12. f3 a5 13. b3 Nd7 14. Bxg7 Kxg7
15. Qd4+ f6 16. f4 Qb6 17. Qxb6 Nxb6 18. Nd5 Bxd5 19. cxd5 Rfc8 20. Bg4 Rxc1
21. Rxc1 f5 22. exf5 gxf5 23. Bxf5 Nxd5 24. g3 Rb8 25. Be4 Nf6 26. Rc7 d5 27.
Bf5 Kf7 28. Kf2 h5 29. Ke3 h4 30. g4 d4+ 31. Kxd4 Rd8+ 32. Kc4 Rd2 33. h3 Ne8
34. Rxb7 Nd6+ 35. Kc3 Rh2 36. Rb8 Rxh3+ 37. Kd4 Kg7 38. Ra8 Rh1 39. Rxa5 h3 40.
Bd3 h2 41. Rh5 Kf7 42. g5 e6 43. a4 Nf5+ 44. Bxf5 exf5 45. a5 Rd1+ 46. Kc5 h1=Q
47. Rxh1 Rxh1 48. a6 Ra1 49. Kb5 Ke6 50. b4 Kd6 51. Kb6 Re1 52. a7 Re8 53. b5
Rg8 54. g6 Re8 55. Kb7 Re7+ 56. Ka6 Re8 57. b6 Kc6 58. g7 Kc5 59. b7 1-0

[Event "Olomoucke sachove leto Open Olomouc"]
[Site "Olomouc"]
[Date "2015.08.21"]
[Round "8.6"]
[White "Navratil-Jun., Jiri"]
[Black "Baasansuren, Erdene"]
[Result "0-1"]
[WhiteElo "1988"]
[BlackElo "1923"]
[PlyCount "66"]
[EventDate "2015.08.15"]

1. e4 c5 2. Nf3 d6 3. d4 cxd4 4. Nxd4 Nf6 5. Nc3 a6 6. Be3 e5 7. Nb3 Be6 8. Qd2
Be7 9. f3 O-O 10. O-O-O Nbd7 11. g4 b5 12. g5 b4 13. Ne2 Ne8 14. f4 a5 15. f5
a4 16. Nbd4 exd4 17. Nxd4 b3 18. Kb1 bxc2+ 19. Nxc2 Bxa2+ 20. Kxa2 Ne5 21. Na3
Qb8 22. h4 Qb3+ 23. Ka1 d5 24. Qxd5 Qxe3 25. Rh3 Nf3 26. Qxa8 Bxa3 27. Qxa4
Bxb2+ 28. Kxb2 Nd6 29. Qa3 Rb8+ 30. Ka2 Qxe4 31. Rd3 Nc4 32. Qb4 Qa8+ 33. Kb3
Qa3+ 0-1

[Event "Olomoucke sachove leto Open Olomouc"]
[Site "Olomouc"]
[Date "2015.08.21"]
[Round "8.7"]
[White "Chudinovskikh, Alexander M"]
[Black "Rut, Vojtech"]
[Result "1-0"]
[WhiteElo "2275"]
[BlackElo "2090"]
[PlyCount "42"]
[EventDate "2015.08.15"]

1. Nf3 Nf6 2. c4 c5 3. g3 Nc6 4. Bg2 e5 5. Nc3 Be7 6. e3 O-O 7. d4 exd4 8. exd4
cxd4 9. Nxd4 Bc5 10. Nde2 Ne5 11. O-O Nxc4 12. Nd5 Nb6 13. Nxf6+ Qxf6 14. a4 d6
15. a5 Nc4 16. Nc3 Re8 17. Nd5 Qd8 18. b4 Bxb4 19. Nxb4 Nxa5 20. Bf4 Re6 21.
Qd5 Nc6 1-0

[Event "Olomoucke sachove leto Open Olomouc"]
[Site "Olomouc"]
[Date "2015.08.21"]
[Round "8.9"]
[White "Navratil-Sen., Jiri"]
[Black "Havelka, Jan"]
[Result "1/2-1/2"]
[WhiteElo "2062"]
[BlackElo "2178"]
[PlyCount "135"]
[EventDate "2015.08.15"]

1. d4 Nf6 2. Nf3 g6 3. Bf4 Bg7 4. c3 d6 5. Nbd2 O-O 6. e4 Nbd7 7. Be2 Re8 8. h3
e5 9. dxe5 Nxe5 10. Nxe5 dxe5 11. Be3 Bd7 12. Qb3 Bc6 13. O-O-O Qe7 14. f3 b5
15. g4 a5 16. Qc2 Reb8 17. h4 Bd7 18. h5 b4 19. hxg6 hxg6 20. c4 b3 21. Nxb3
Ba4 22. Rd3 Qe6 23. Rc3 Nd7 24. Bf1 Qf6 25. Be2 Nf8 26. Bd1 Ne6 27. Qh2 Bxb3
28. Bxb3 a4 29. Bd1 c5 30. Ra3 Rb4 31. b3 Rab8 32. Bd2 axb3 33. Bxb4 cxb4 34.
Rxb3 Nd4 35. Rd3 Qd6 36. Bb3 Nxb3+ 37. Rxb3 Qd4 38. Qd2 Qxc4+ 39. Kb1 Bf8 40.
Rc1 Qa6 41. Qb2 Ra8 42. Qh2 Qd6 43. Rh1 Bg7 44. Qc2 Bf8 45. Rd1 Qb6 46. Qd2 Ra3
47. Qb2 Rxb3 48. Qxb3 Qf2 49. Rd8 Qe1+ 50. Qd1 Qe3 51. Qd6 Qe1+ 52. Kc2 Qc3+
53. Kb1 Qe1+ 54. Qd1 Qh4 55. Kb2 Qf6 56. Rb8 Qc6 57. Qc2 Qd6 58. Qc8 Qd2+ 59.
Kb3 Qd1+ 60. Kc4 Qe2+ 61. Kd5 Qxa2+ 62. Kxe5 Qb2+ 63. Kf4 Qd2+ 64. Kg3 Qe1+ 65.
Kh3 Qh1+ 66. Kg3 Qe1+ 67. Kf4 Qd2+ 68. Kg3 1/2-1/2

[Event "Olomoucke sachove leto Open Olomouc"]
[Site "Olomouc"]
[Date "2015.08.21"]
[Round "8.10"]
[White "Kabelka, Ondrej"]
[Black "Toman, Ondrej"]
[Result "0-1"]
[WhiteElo "1855"]
[BlackElo "2178"]
[PlyCount "80"]
[EventDate "2015.08.15"]

1. d4 Nf6 2. c4 g6 3. Nc3 Bg7 4. Nf3 O-O 5. g3 d6 6. Bg2 Nc6 7. O-O a6 8. h3
Rb8 9. Be3 b5 10. cxb5 axb5 11. Nd2 b4 12. Na4 Bb7 13. Nc4 e6 14. Bg5 h6 15.
Bxf6 Qxf6 16. e3 Ne7 17. Rc1 Qf5 18. Nd2 Rfc8 19. Re1 Qb5 20. Nf3 Be4 21. Nh4
Bxg2 22. Nxg2 b3 23. Nc3 Qb7 24. a3 c5 25. dxc5 dxc5 26. Qe2 Nd5 27. Ne4 Qe7
28. Nf4 Nb6 29. Red1 Kh7 30. Nc3 c4 31. Qf3 Bxc3 32. Rxc3 Na4 33. Rcc1 Nxb2 34.
Rd4 c3 35. e4 Na4 36. Rxa4 b2 37. Qe3 c2 38. Rb4 Rxb4 39. axb4 b1=Q 40. Nd3 Rc3
0-1

[Event "Olomoucke sachove leto Open Olomouc"]
[Site "Olomouc"]
[Date "2015.08.21"]
[Round "8.11"]
[White "Shilov, Sergey"]
[Black "Mulenko, Alexander"]
[Result "0-1"]
[WhiteElo "2171"]
[BlackElo "2046"]
[PlyCount "114"]
[EventDate "2015.08.15"]

1. d4 Nf6 2. c4 e6 3. Nf3 b6 4. g3 Ba6 5. Qa4 c6 6. Qc2 d5 7. cxd5 cxd5 8. Nc3
Be7 9. Bf4 O-O 10. Ne5 Nfd7 11. Bg2 Nxe5 12. dxe5 Nd7 13. h4 Rc8 14. Qd2 Bb4
15. O-O Nc5 16. Bg5 Qc7 17. Qe3 Nd7 18. Qd4 Bxc3 19. bxc3 Qxc3 20. Qa4 Nc5 21.
Qd1 Qxe5 22. Re1 Qd6 23. e4 h6 24. e5 Qc7 25. Be3 Nd3 26. Bf1 Nxe1 27. Bxa6 Nc2
28. Rc1 Nxe3 29. Rxc7 Nxd1 30. Bxc8 Rd8 31. Ba6 Nb2 32. Kf1 d4 33. Ke2 Rd5 34.
Rxa7 Rxe5+ 35. Kd2 Ra5 36. Kc2 Na4 37. Ra8+ Kh7 38. Bd3+ g6 39. Rxa5 bxa5 40.
h5 Nc5 41. f4 Kg7 42. Kd2 gxh5 43. Bc2 f6 44. Bd1 e5 45. fxe5 fxe5 46. Bxh5 Kf6
47. Bf3 e4 48. Bg4 Ke5 49. Bh3 Na4 50. Bf1 Nc3 51. Bc4 Nd5 52. g4 Ne3 53. Be2
Kf4 54. Bb5 Nxg4 55. a4 h5 56. Bf1 h4 57. Bg2 Nf2 0-1

[Event "Olomoucke sachove leto Open senioru"]
[Site "Olomouc"]
[Date "2015.08.21"]
[Round "8.1"]
[White "Heppell, Ian"]
[Black "Prachar, Josef"]
[Result "1-0"]
[WhiteElo "2092"]
[BlackElo "1899"]
[PlyCount "95"]
[EventDate "2015.08.15"]

1. e4 c5 2. Nf3 Nc6 3. c3 Nf6 4. e5 Nd5 5. d4 cxd4 6. Bc4 Nb6 7. Bb3 d5 8. exd6
Qxd6 9. O-O Bf5 10. Nxd4 Nxd4 11. cxd4 e6 12. Nc3 a6 13. Qf3 Be7 14. Qxb7 O-O
15. Be3 Bf6 16. Rfd1 Nd7 17. Ne4 Bxe4 18. Qxe4 Rac8 19. Rac1 Rfe8 20. h3 Qb4
21. Qd3 Qa5 22. Bd2 Qb6 23. Be3 Qa5 24. Bd2 Qb6 25. Ba4 Qb7 26. Be3 Red8 27.
Rxc8 Qxc8 28. Rc1 Qb7 29. Qb3 Qxb3 30. Bxb3 h6 31. Rc6 Nb8 32. Rc7 Kf8 33. Kf1
g5 34. Ke2 Be7 35. h4 Nd7 36. Ra7 Nb8 37. Rc7 Bd6 38. Ra7 Be7 39. hxg5 hxg5 40.
Ba4 Bf6 41. Rb7 Kg7 42. Kf3 Rc8 43. Bb3 Kg6 44. d5 Be5 45. dxe6 fxe6 46. Bxe6
Rf8+ 47. Ke4 Bf6 48. Bf5+ 1-0

[Event "Olomoucke sachove leto Open senioru"]
[Site "Olomouc"]
[Date "2015.08.21"]
[Round "8.2"]
[White "Fiala, Jiri"]
[Black "Kolmas, Oldrich"]
[Result "1/2-1/2"]
[WhiteElo "1922"]
[BlackElo "1949"]
[PlyCount "41"]
[EventDate "2015.08.15"]

1. d4 c5 2. d5 e5 3. c4 d6 4. Nc3 Nf6 5. e4 Be7 6. Be2 O-O 7. Be3 a6 8. a4 Ne8
9. g4 Bg5 10. Bxg5 Qxg5 11. h4 Qe7 12. a5 Nf6 13. h5 Nbd7 14. f3 Rb8 15. Qd2 b6
16. Nh3 bxa5 17. Rxa5 Qd8 18. Ra2 Rb4 19. Nf2 Nb6 20. g5 Ne8 21. g6 1/2-1/2

[Event "Olomoucke sachove leto Open senioru"]
[Site "Olomouc"]
[Date "2015.08.21"]
[Round "8.5"]
[White "Pokora, Lubomir"]
[Black "Kearsley, Raymond"]
[Result "1-0"]
[WhiteElo "1862"]
[BlackElo "1730"]
[PlyCount "69"]
[EventDate "2015.08.15"]

1. e4 c5 2. Nc3 Nc6 3. g3 g6 4. Bg2 Bg7 5. d3 d6 6. f4 e6 7. Nf3 Nge7 8. O-O
O-O 9. Be3 f5 10. Qd2 Nd4 11. Nd1 Bd7 12. c3 Nxf3+ 13. Bxf3 Bc6 14. Bg2 b6 15.
Re1 fxe4 16. dxe4 Qd7 17. Qc2 d5 18. Nf2 Rac8 19. Rad1 Qc7 20. Bc1 Bb7 21. Qe2
d4 22. cxd4 cxd4 23. b3 Nc6 24. Ba3 Rfd8 25. Rc1 Qd7 26. Red1 Qf7 27. e5 Bf8
28. Bxf8 Qxf8 29. Ne4 d3 30. Qe3 Nb4 31. Nf6+ Kh8 32. Bxb7 Rxc1 33. Qxc1 Nxa2
34. Qc7 Nb4 35. Qxh7# 1-0

[Event "Olomoucke sachove leto Open senioru"]
[Site "Olomouc"]
[Date "2015.08.21"]
[Round "8.7"]
[White "Schenke, Conrad"]
[Black "Hagara, Vladimir"]
[Result "0-1"]
[WhiteElo "1000"]
[BlackElo "1839"]
[PlyCount "66"]
[EventDate "2015.08.15"]

1. d4 Nf6 2. c4 g6 3. Nc3 d5 4. Bg5 Ne4 5. Nxe4 dxe4 6. e3 Bg7 7. Qc2 c6 8. a3
Qa5+ 9. b4 Qxg5 10. Qxe4 O-O 11. Nf3 Qf6 12. Rd1 Bf5 13. Qf4 Qd6 14. Qxd6 exd6
15. Be2 Nd7 16. O-O Nf6 17. Nd2 Ne4 18. Nxe4 Bxe4 19. Bd3 Bxd3 20. Rxd3 b5 21.
c5 d5 22. g3 Rfe8 23. Rb1 a5 24. Rdb3 axb4 25. axb4 f5 26. R1b2 Ra4 27. Kg2 Kf7
28. f4 Rea8 29. Kf3 Ra3 30. Rxa3 Rxa3 31. Kf2 h6 32. h4 Bf6 33. Kf3 Bxd4 0-1

[Event "Olomoucke sachove leto Open senioru"]
[Site "Olomouc"]
[Date "2015.08.21"]
[Round "8.8"]
[White "Oral, Josef"]
[Black "Neuymina, Nadezhda"]
[Result "1-0"]
[WhiteElo "1826"]
[BlackElo "1627"]
[PlyCount "77"]
[EventDate "2015.08.15"]

1. e4 d5 2. exd5 Nf6 3. c4 e6 4. dxe6 Bxe6 5. Nc3 Nc6 6. Nf3 Bc5 7. h3 Qe7 8.
Qe2 O-O 9. d3 Rfe8 10. a3 a5 11. Be3 Rad8 12. Rd1 Nd4 13. Nxd4 Bxd4 14. Nb5
Bxb2 15. Qxb2 c6 16. Nc3 Bf5 17. Be2 Nd7 18. d4 Nf6 19. O-O Ne4 20. Bf3 Qh4 21.
Nxe4 Bxe4 22. Bxe4 Rxe4 23. Qxb7 Re6 24. Qc7 Rg6 25. g3 Qf6 26. Kg2 h5 27. Qf4
Qe6 28. d5 cxd5 29. cxd5 Rxd5 30. Rxd5 Qxd5+ 31. Qf3 Qb5 32. Rd1 Rf6 33. Rd8+
Kh7 34. Qa8 Qf5 35. Bf4 Kg6 36. Rd4 Kh7 37. Qe4 g6 38. Qxf5 Rxf5 39. Ra4 1-0

[Event "Olomoucke sachove leto GM1"]
[Site "Olomouc"]
[Date "2015.08.22"]
[Round "9.2"]
[White "Ivanov, Mikhail M"]
[Black "Yagupov, Igor"]
[Result "1/2-1/2"]
[WhiteElo "2408"]
[BlackElo "2348"]
[PlyCount "30"]
[EventDate "2015.??.??"]

1. d4 d5 2. c4 c6 3. Nc3 Nf6 4. cxd5 cxd5 5. Bf4 Nc6 6. e3 Bg4 7. Qb3 Na5 8.
Qa4+ Bd7 9. Bb5 Nc6 10. Nf3 a6 11. Bxc6 Bxc6 12. Qb3 e6 13. O-O Bd6 14. Bxd6
Qxd6 15. Rfc1 O-O 1/2-1/2

[Event "Olomoucke sachove leto GM1"]
[Site "Olomouc"]
[Date "2015.08.22"]
[Round "9.3"]
[White "Simacek, Pavel"]
[Black "Ioannidis, Evgenios"]
[Result "1-0"]
[WhiteElo "2461"]
[BlackElo "2362"]
[PlyCount "61"]
[EventDate "2015.??.??"]

1. e4 c5 2. Nf3 d6 3. d4 cxd4 4. Nxd4 Nf6 5. Nc3 a6 6. Bg5 e6 7. f4 Qb6 8. Qd2
Qxb2 9. Rb1 Qa3 10. f5 Nc6 11. fxe6 fxe6 12. Nxc6 bxc6 13. e5 dxe5 14. Bxf6
gxf6 15. Ne4 Be7 16. Be2 h5 17. Rf1 Qxa2 18. Rd1 Qd5 19. Qe3 Qa5+ 20. c3 f5 21.
Qg3 Kf7 22. Rxf5+ exf5 23. Bc4+ Kf8 24. Qg6 Bh4+ 25. g3 Ra7 26. gxh4 fxe4 27.
Qf6+ Ke8 28. Qxh8+ Ke7 29. Qg7+ Ke8 30. Qg8+ Ke7 31. Qf7# 1-0

[Event "Olomoucke sachove leto GM2"]
[Site "Olomouc"]
[Date "2015.08.22"]
[Round "9.1"]
[White "Sergeev, Vladimir"]
[Black "Madan, Augustin"]
[Result "1/2-1/2"]
[WhiteElo "2452"]
[BlackElo "2296"]
[PlyCount "123"]
[EventDate "2015.??.??"]

1. g3 d5 2. Nf3 Nf6 3. Bg2 e6 4. O-O Be7 5. b3 a5 6. a3 O-O 7. Bb2 c5 8. d4 Nc6
9. dxc5 Bxc5 10. Nd4 Nxd4 11. Bxd4 Bxd4 12. Qxd4 Qc7 13. Rc1 e5 14. Qd3 Be6 15.
Nc3 Rfd8 16. Nb5 Qb6 17. a4 Rac8 18. e3 h5 19. h3 Bd7 20. Kh2 Qc5 21. c3 e4 22.
Qe2 Bxb5 23. axb5 b6 24. Ra4 Qe7 25. Rd4 Rc5 26. c4 Rdc8 27. Rcd1 dxc4 28. bxc4
Qe5 29. Kg1 R5c7 30. Bf1 Qc5 31. Rd6 a4 32. Rxf6 gxf6 33. Rd5 Qf8 34. Qb2 Rc5
35. Qxf6 Rxd5 36. cxd5 a3 37. d6 Qd8 38. d7 Ra8 39. Qa1 Qxd7 40. Bc4 Qd6 41.
Ba2 Rd8 42. Bb3 Qe7 43. Kg2 Rd3 44. Qa2 Kg7 45. Bc4 Rc3 46. h4 Qf6 47. Be2 Qe5
48. Qa1 Kf6 49. Qa2 Ke7 50. Qa1 Qc5 51. Bxh5 Qc4 52. Be2 Qb3 53. Bg4 a2 54. h5
Rc5 55. Qd4 Qd5 56. Qb2 Rxb5 57. Qc3 Kd8 58. Qh8+ Kc7 59. Qc8+ Kd6 60. Qf8+ Kc7
61. Qc8+ Kd6 62. Qf8+ 1/2-1/2

[Event "Olomoucke sachove leto GM2"]
[Site "Olomouc"]
[Date "2015.08.22"]
[Round "9.2"]
[White "Rydl, Jiri"]
[Black "Neuman, Petr"]
[Result "1/2-1/2"]
[WhiteElo "2419"]
[BlackElo "2464"]
[PlyCount "86"]
[EventDate "2015.??.??"]

1. c4 c6 2. Nf3 d5 3. b3 Bg4 4. e3 Nd7 5. cxd5 cxd5 6. Bb2 Ngf6 7. Be2 e6 8.
O-O Bd6 9. Nc3 a6 10. d4 O-O 11. h3 Bh5 12. Ne5 Bxe2 13. Nxe2 Rc8 14. Nf4 Nb8
15. Qe2 Qa5 16. Nfd3 Ne4 17. Rfc1 Rxc1+ 18. Nxc1 f6 19. Nf3 Rc8 20. Nd3 Nc6 21.
Nfe1 Nb4 22. Nxb4 Qxb4 23. Rc1 Rxc1 24. Bxc1 Qc3 25. Bb2 Qa5 26. Ba1 Nd2 27.
Bb2 Ne4 28. Ba1 Bb8 29. Nf3 Qc7 30. Qd1 g5 31. Bb2 h5 32. Qc1 Qxc1+ 33. Bxc1
Nc3 34. Bd2 Nxa2 35. Ne1 Bd6 36. Nd3 e5 37. Kf1 b6 38. f3 Kf7 39. dxe5 Bxe5 40.
Nxe5+ fxe5 41. e4 dxe4 42. fxe4 a5 43. g4 hxg4 1/2-1/2

[Event "Olomoucke sachove leto IM"]
[Site "Olomouc"]
[Date "2015.08.22"]
[Round "9.1"]
[White "Ovchinnikov, Vsevolod"]
[Black "Zhylkaidarova, Sholpan"]
[Result "1/2-1/2"]
[WhiteElo "2224"]
[BlackElo "2145"]
[PlyCount "67"]
[EventDate "2015.??.??"]

1. d4 Nf6 2. c4 e6 3. Nf3 Bb4+ 4. Bd2 Qe7 5. g3 Bxd2+ 6. Qxd2 Nc6 7. Nc3 d5 8.
Bg2 dxc4 9. Ne5 O-O 10. Nxc6 bxc6 11. Bxc6 Rb8 12. O-O Qd6 13. Bb5 Qb4 14. a3
Qb3 15. Ba4 Qxb2 16. Bc2 Qb7 17. Rab1 Qa8 18. Rxb8 Qxb8 19. Rb1 Bb7 20. Na4 Qa8
21. Qb4 Bd5 22. f3 Nd7 23. e4 Rb8 24. Qc3 Rxb1+ 25. Bxb1 Qb7 26. Ba2 Bc6 27.
Nb2 Nb6 28. Qb4 h6 29. Bxc4 Nxc4 30. Qxb7 Bxb7 31. Nxc4 f5 32. Nd2 fxe4 33.
fxe4 Kf7 34. Kf2 1/2-1/2

[Event "Olomoucke sachove leto IM"]
[Site "Olomouc"]
[Date "2015.08.22"]
[Round "9.3"]
[White "Jurek, Josef"]
[Black "Shevchenko, Kirill"]
[Result "1/2-1/2"]
[WhiteElo "2285"]
[BlackElo "2265"]
[PlyCount "44"]
[EventDate "2015.??.??"]

1. Nf3 Nf6 2. g3 e6 3. c4 d5 4. b3 Be7 5. Bg2 O-O 6. O-O c5 7. cxd5 Nxd5 8. Bb2
Nc6 9. Nc3 Nc7 10. Rc1 b6 11. Na4 Bb7 12. d4 Nxd4 13. Nxd4 Bxg2 14. Kxg2 cxd4
15. Qxd4 Qxd4 16. Bxd4 Nb5 17. Bb2 Rac8 18. e3 f6 19. Kf3 Kf7 20. Ke2 Rfd8 21.
Rxc8 Rxc8 22. Rc1 Rxc1 1/2-1/2

[Event "Olomoucke sachove leto IM"]
[Site "Olomouc"]
[Date "2015.08.22"]
[Round "9.4"]
[White "Soural, Jan"]
[Black "Kozusek, Daniel"]
[Result "1/2-1/2"]
[WhiteElo "2215"]
[BlackElo "2347"]
[PlyCount "134"]
[EventDate "2015.??.??"]

1. d4 Nf6 2. c4 e6 3. Nc3 Bb4 4. Bg5 c5 5. d5 d6 6. e3 h6 7. Bh4 g5 8. Bg3
Bxc3+ 9. bxc3 e5 10. Bd3 Qe7 11. Ne2 Nbd7 12. h4 g4 13. Qb1 b6 14. a4 a5 15.
Ra2 Ba6 16. e4 Nh5 17. Rb2 Rb8 18. Kd2 Kd8 19. Kc2 f5 20. Kb3 f4 21. Bh2 Kc7
22. g3 Rhf8 23. Re1 fxg3 24. fxg3 Rf7 25. Qc1 Qf8 26. Bg1 Ndf6 27. Rf1 Ng8 28.
Rxf7+ Qxf7 29. Be3 Qf3 30. Qg1 Rf8 31. Nc1 Qf6 32. Rf2 Qg7 33. Ka3 Bc8 34. Nb3
Rf3 35. Rg2 Qf8 36. Nd2 Rf7 37. Qd1 Bd7 38. Be2 Ngf6 39. Bd3 Qg7 40. Qb1 Ng8
41. Qd1 Ne7 42. Be2 Nf4 43. Rf2 Nxe2 44. Rxe2 Ng8 45. Re1 Rf8 46. Qb3 Nf6 47.
Rb1 Rb8 48. Rg1 Qg6 49. Qc2 Be8 50. Rg2 Qg7 51. Bg1 Bg6 52. Qb1 Be8 53. Rf2 Nh5
54. Rg2 Qd7 55. Qd1 Bg6 56. Qb1 Kb7 57. Qb5 Qc7 58. Qb1 Ka7 59. Be3 Qg7 60. Qb5
Be8 61. Qb1 Bd7 62. Qf1 Rf8 63. Qb1 Be8 64. Bg1 Qh7 65. Bh2 Nf6 66. Bg1 Bg6 67.
Re2 Be8 1/2-1/2

[Event "Olomoucke sachove leto Open Olomouc"]
[Site "Olomouc"]
[Date "2015.08.22"]
[Round "9.1"]
[White "Krejci, Jan"]
[Black "Gantsooj, Ganzorig"]
[Result "1-0"]
[WhiteElo "2506"]
[BlackElo "1800"]
[PlyCount "109"]
[EventDate "2015.08.15"]

1. d4 Nf6 2. c4 g6 3. Nc3 Bg7 4. Nf3 O-O 5. Bg5 d6 6. e3 Nbd7 7. Be2 e5 8. Qc2
c6 9. O-O Qc7 10. Rfd1 Re8 11. Rac1 Nf8 12. h3 Ne6 13. Bxf6 Bxf6 14. Ne4 Be7
15. c5 d5 16. Nd6 Bxd6 17. cxd6 Qxd6 18. Nxe5 f6 19. Nd3 Ng5 20. Nf4 Ne6 21.
Nxe6 Bxe6 22. Bd3 Re7 23. Qd2 Qd7 24. b4 Bf5 25. Bf1 a6 26. a4 Qd6 27. Rc5 Rc7
28. Qb2 Bd7 29. Rdc1 Rac8 30. Qb3 Kg7 31. g3 Be6 32. h4 Bf7 33. Bh3 Be6 34. Bg2
Bf7 35. Kh2 Be6 36. Bf3 Bf7 37. Kg2 Be6 38. h5 Bf7 39. Rh1 Be6 40. Qb2 b6 41.
Rc3 c5 42. bxc5 bxc5 43. Rxc5 Rxc5 44. dxc5 Rxc5 45. hxg6 hxg6 46. Qb4 Bf5 47.
Rc1 Rc6 48. Qb7+ Bd7 49. Rd1 Qc7 50. Qb4 Be6 51. Bxd5 Bxd5+ 52. Rxd5 Rb6 53.
Qd4 Qb7 54. Kh2 Rc6 55. Rd7+ 1-0

[Event "Olomoucke sachove leto Open Olomouc"]
[Site "Olomouc"]
[Date "2015.08.22"]
[Round "9.4"]
[White "Zhou, Guijue"]
[Black "Klima, Lukas"]
[Result "1-0"]
[WhiteElo "2207"]
[BlackElo "2339"]
[PlyCount "115"]
[EventDate "2015.08.15"]

1. e4 d6 2. d4 g6 3. Nc3 Bg7 4. Be3 a6 5. f4 b5 6. Nf3 Bb7 7. Bd3 Nd7 8. e5 e6
9. a4 b4 10. Ne4 Bxe4 11. Bxe4 d5 12. Bd3 Ne7 13. O-O O-O 14. a5 c5 15. dxc5
Qc7 16. Qd2 Rfb8 17. Ra4 Nc6 18. Qe2 Bf8 19. Bxa6 Bxc5 20. Bd3 Qa7 21. Bf2
Bxf2+ 22. Qxf2 Qxf2+ 23. Kxf2 Nc5 24. Raa1 b3 25. Rfb1 Nb4 26. Ne1 bxc2 27.
Bxc2 Nxc2 28. Nxc2 Nb3 29. Ra3 Nd2 30. Rba1 Nb3 31. Rb1 Rb5 32. a6 Rb6 33. Ke3
Raxa6 34. Rxa6 Rxa6 35. Nd4 Rb6 36. Nxb3 Rxb3+ 37. Kd2 f6 38. exf6 Kf7 39. Kc2
Rb4 40. g3 Kxf6 41. Kc3 Rc4+ 42. Kd3 g5 43. fxg5+ Ke5 44. b4 Kd6 45. b5 Kc7 46.
Ra1 e5 47. Ra7+ Kd6 48. Rxh7 e4+ 49. Kd2 d4 50. Rh8 Ke7 51. Rh4 d3 52. Ke3 Rd4
53. Kd2 Rb4 54. b6 Kd7 55. b7 Kc7 56. Rh7+ Kb8 57. Rd7 Rb2+ 58. Ke3 1-0

[Event "Olomoucke sachove leto Open Olomouc"]
[Site "Olomouc"]
[Date "2015.08.22"]
[Round "9.5"]
[White "Schmid, Thomas"]
[Black "Chudinovskikh, Alexander M"]
[Result "0-1"]
[WhiteElo "2114"]
[BlackElo "2275"]
[PlyCount "78"]
[EventDate "2015.08.15"]

1. e4 e5 2. Nf3 Nc6 3. Bb5 a6 4. Ba4 Nf6 5. O-O Be7 6. d3 d6 7. c3 O-O 8. Nbd2
h6 9. Re1 Re8 10. Nf1 Bf8 11. h3 g6 12. Ng3 Bg7 13. d4 b5 14. Bc2 Bb7 15. d5
Nb8 16. a4 Nbd7 17. b4 Nb6 18. a5 Nc4 19. Nd2 Nxd2 20. Bxd2 c6 21. dxc6 Bxc6
22. f3 d5 23. Be3 Qc7 24. Rc1 Qb7 25. Bc5 h5 26. Qe2 h4 27. Nf1 Nh5 28. exd5
Bxd5 29. Qf2 e4 30. Bxe4 Bxe4 31. Rxe4 Rxe4 32. fxe4 Qxe4 33. Nd2 Qd3 34. Nf3
Ng3 35. Kh2 Re8 36. Bd4 Re2 37. Qg1 Qxf3 38. Bxg7 Kxg7 39. Qd4+ Qf6 0-1

[Event "Olomoucke sachove leto Open Olomouc"]
[Site "Olomouc"]
[Date "2015.08.22"]
[Round "9.6"]
[White "Mulenko, Alexander"]
[Black "Kratochvil, Vit"]
[Result "1/2-1/2"]
[WhiteElo "2046"]
[BlackElo "2217"]
[PlyCount "57"]
[EventDate "2015.08.15"]

1. d4 g6 2. g3 Bg7 3. Bg2 c5 4. c3 Na6 5. Nf3 Nf6 6. O-O O-O 7. Re1 d5 8. Bf4
Qb6 9. Qb3 Qxb3 10. axb3 cxd4 11. cxd4 Bf5 12. Nc3 Rfc8 13. Be5 e6 14. Rec1 Nb4
15. Nb5 Rxc1+ 16. Rxc1 Ne8 17. Bxg7 Kxg7 18. Nc7 Rc8 19. Nxe8+ Rxe8 20. Rc7 Nc6
21. Rxb7 Rc8 22. h3 h6 23. g4 Be4 24. e3 Bd3 25. Kh2 Ba6 26. Rd7 Bb5 27. Rb7
Ba6 28. Rd7 Bb5 29. Rb7 1/2-1/2

[Event "Olomoucke sachove leto Open Olomouc"]
[Site "Olomouc"]
[Date "2015.08.22"]
[Round "9.8"]
[White "Straka, Vojtech"]
[Black "Navratil-Jun., Jiri"]
[Result "1-0"]
[WhiteElo "2322"]
[BlackElo "1988"]
[PlyCount "57"]
[EventDate "2015.08.15"]

1. d4 d5 2. Nf3 Nf6 3. c4 c6 4. Nc3 e6 5. e3 Nbd7 6. Qc2 Bd6 7. Bd3 O-O 8. O-O
Qe7 9. e4 dxe4 10. Nxe4 Nxe4 11. Bxe4 h6 12. b3 c5 13. Bb2 Nf6 14. dxc5 Bxc5
15. Ne5 Nxe4 16. Qxe4 b6 17. Qxa8 Bb7 18. Qxa7 Ra8 19. Qxa8+ Bxa8 20. Kh1 Qg5
21. f3 f6 22. Nd3 Bd6 23. Bd4 e5 24. Bg1 e4 25. fxe4 Bxe4 26. Ne1 Qg6 27. a3
Be5 28. Ra2 Bc3 29. Bxb6 1-0

[Event "Olomoucke sachove leto Open Olomouc"]
[Site "Olomouc"]
[Date "2015.08.22"]
[Round "9.9"]
[White "Ilandzis, Spyridon"]
[Black "Musil, Vitezslav"]
[Result "1-0"]
[WhiteElo "2178"]
[BlackElo "1949"]
[PlyCount "59"]
[EventDate "2015.08.15"]

1. b3 e5 2. Bb2 Nc6 3. e3 Nf6 4. c4 d6 5. Nf3 Bf5 6. d4 exd4 7. Nxd4 Bg6 8.
Nxc6 bxc6 9. Qf3 c5 10. Qc6+ Nd7 11. Nc3 Be7 12. Nd5 O-O 13. Qxc7 Be4 14. Nxe7+
Qxe7 15. O-O-O Rfc8 16. Qxd6 Qxd6 17. Rxd6 Nf8 18. Be2 Ng6 19. f3 Bf5 20. g4
Be6 21. f4 Nf8 22. Rhd1 f5 23. Bf3 Rab8 24. Rxe6 Nxe6 25. Bd5 Rd8 26. gxf5 Kf8
27. fxe6 Rb6 28. Rg1 g6 29. f5 gxf5 30. Bf6 1-0